| 000 | 01826cam a2200445 cc4500 | ||
|---|---|---|---|
| 001 | 1019634383 | ||
| 003 | DE-627 | ||
| 005 | 20260212134956.0 | ||
| 007 | tu | ||
| 008 | 180425s2018 gw ||||| 6 00| ||ger c | ||
| 015 |
_a18,N17 _2dnb |
||
| 016 | 7 |
_a1156401585 _2DE-101 |
|
| 020 |
_a355179944X _c : (Großtaschenbuch : EUR 6.95 (DE), EUR 7.20 (AT), CHF 10.50 (freier Preis)) |
||
| 020 |
_a9783551799449 _c : (Großtaschenbuch : EUR 6.95 (DE), EUR 7.20 (AT), CHF 10.50 (freier Preis)) |
||
| 024 | 3 | _a9783551799449 | |
| 035 | _a(DE-627)1019634383 | ||
| 035 | _a(DE-599)DNB1156401585 | ||
| 040 |
_aDE-627 _bger _cDE-627 _erda |
||
| 041 | _ager | ||
| 044 | _cXA-DE-HH | ||
| 082 | 0 | 4 |
_a741.5 _qDE-101 |
| 100 | 1 |
_aIsayama, Hajime _d1986- _eVerfasserIn _eKünstlerIn _0(DE-588)1063396298 _0(DE-627)812369246 _0(DE-576)422791458 _4aut _4art |
|
| 245 | 1 | 0 |
_aAttack on Titan _n24 _cHajime Isayama ; aus dem Japanischen von Claudia Peter |
| 250 | _a1. Aufl. | ||
| 264 | 1 |
_aHamburg _bCarlsen Verlag GmbH _c18 |
|
| 300 |
_acirca 192 ungezählte Seiten _c18 cm x 12.5 cm |
||
| 336 |
_aText _btxt _2rdacontent |
||
| 336 |
_aunbewegtes Bild _bsti _2rdacontent |
||
| 337 |
_aohne Hilfsmittel zu benutzen _bn _2rdamedia |
||
| 338 |
_aBand _bnc _2rdacarrier |
||
| 490 | 0 | _aCarlsen Manga! | |
| 490 | 0 | _aAction | |
| 655 | 7 |
_aComic _0(DE-588)4010427-8 _0(DE-627)104377402 _0(DE-576)208887989 _2gnd-content |
|
| 700 | 1 |
_aPeter, Claudia _eÜbersetzerIn _4trl |
|
| 710 | 2 |
_aCarlsen Verlag _eVerlag _0(DE-588)2036434-9 _0(DE-627)10257796X _0(DE-576)191872857 _4pbl |
|
| 773 | 1 | 8 |
_w(DE-627)780602919 _w(DE-576)9780602917 _g24 _q24.2018 _7nnam |
| 856 | 4 | 2 |
_uhttp://deposit.dnb.de/cgi-bin/dokserv?id=69c276cbd1154f4a9b2a433de70f0c67&prov=M&dok_var=1&dok_ext=htm _mX: MVB _qtext/html _v2018-04-25 _3Inhaltstext _71 |
| 942 |
_2ddc _cMGA _n0 |
||
| 951 | _aMV | ||
| 999 |
_c1503 _d1503 |
||